000 00422nam a2200181Ia 4500
008 230512s9999 xx 000 0 und d
041 _aeng
082 _a658.406
100 _aCHARAN R/ TICHY N
245 _aEVERY BUSINESS IS A GROWTH BUSINESS
250 _a1
260 _bTHREE RIVERS PRESS NEW YORK
300 _a333
365 _b438
500 _aPaper Back
520 _aGeneral
650 _aGeneral Book
999 _c407403
_d407403